Алгоритмизация слабоформализованных задач оптимального выбора на основе рандомизированных процедур поискового типа; Информационные технологии; № 11

מידע ביבליוגרפי
Parent link:Информационные технологии: теоретический и прикладной научно-технический журнал.— , 2000-
№ 11.— 2004.— С. 25-29
מחבר ראשי: Львович Я. Е.
מחברים אחרים: Белецкая С. Ю.
שפה:רוסית
יצא לאור: 2004
סדרה:Оптимизация и структурный синтез
נושאים:
פורמט: Book Chapter
KOHA link:https://koha.lib.tpu.ru/cgi-bin/koha/opac-detail.pl?biblionumber=395378

MARC

LEADER 00000naa2a2200000 4500
001 395378
005 20231101064621.0
035 |a (RuTPU)RU\TPU\prd\32649 
090 |a 395378 
100 |a 20050211a2004 k y0rusy50 ca 
101 0 |a rus 
102 |a RU 
200 1 |a Алгоритмизация слабоформализованных задач оптимального выбора на основе рандомизированных процедур поискового типа  |f Я. Е. Львович, С. Ю. Белецкая 
225 1 |a Оптимизация и структурный синтез 
320 |a Библиогр.: 5 назв. 
461 1 |0 (RuTPU)RU\TPU\prd\1520  |t Информационные технологии  |o теоретический и прикладной научно-технический журнал  |d 2000- 
463 1 |0 (RuTPU)RU\TPU\prd\31245  |t № 11  |v С. 25-29  |d 2004 
610 1 |a алгоритмизация 
610 1 |a слабоформализованные задачи 
610 1 |a оптимальный выбор 
610 1 |a критерии 
610 1 |a ограничения 
610 1 |a аналитические формулировки 
610 1 |a оптимизационные модели 
610 1 |a рандомизированные процедуры 
610 1 |a поисковые типы 
675 |a 004.3  |v 3 
700 1 |a Львович  |b Я. Е. 
701 1 |a Белецкая  |b С. Ю. 
801 1 |a RU  |b 63413507  |c 20050211  |g PSBO 
801 2 |a RU  |b 63413507  |c 20130508  |g RCR 
942 |c BK